zgadnij kraj (dla Shaaza) - Statystyki

Ogólne statystyki
  • Ten quiz został rozwiązany 947 razy
  • Średni wynik to 5 z 15
Statystyki odpowiedzi
Hint Odpowiedź % Poprawnych
jest tam najwyższy szczyt swiata Nepal
74%
krowa jest tam swięta Indje
60%
w jakim kraju wszystkie dzieci mają te same ubrania i fryzure Japonia
53%
pochodzi z tego kraju słynna piosenkarka Shakira Kolumbia
51%
modlą się w tą stronę wyznawcy islamu Arabia Saudyjska
49%
jest tam słynny Klasztor Dandzandardżaa chijd Mongolia
35%
najpopularniejsze imię to Johan Szwecja
35%
w jakim kraju nie wolno palić papierosów Buthan
33%
kraj Religi Islamu w którym pisze się cyrylicą Kirgistan
24%
żyje tam paw szmaragdowy Sri Lanka
24%
kraj znany z Francuskiej Architektury i klasztorówBuddyjskich Laos
21%
żyje tam około 15 tyś sępów płowych Bośnia i Hercegowina
19%
żyje tam ñandu Urugwaj
12%
najwyższy szczyt kraju ma 2680 metrów n.p.m Haiti
10%
kraj został zniszony w Wojnie w latach 90 20 wieku Abchazja
8%
Nie znaleziono quizów pasujących do podanych kryteriów
Rozkład punktacji
Procent ludzi z każdym wynikiem
Percentyl według liczby udzielonych odpowiedzi
Twoja historia wyników
Nie rozwiązałeś tego quizu